Quizzes
Events
Quiz Creation
Community
Videos
Private Events
Remove Ads
Sign In
Join for FREE
Feedback
Dark Mode
Quiz Categories
Sports
Geography
Music
Movies
Television
Just For Fun
Miscellaneous
History
Literature
Language
Science
Gaming
Entertainment
Religion
Holiday
For Kids
Quiz Lab
Recent
Popular Today
Quiz Kudos Today
Editor Picks
Curator Picks
Quizzes by...
Day
Popularity
Type
Ratings
Length
Year
Community
Subscriptions
Recent Discussions
Orange Saloon
Badges
Playlists
Quests
Create
Leaderboards
Showdown
Live 5
Trivia Bingo
Activity
Puzzle Library
Sporcle Events
Private Events
Virtual Trivia
Globe League
Become a Host
Pub Owners
SporcleCon
Opinionation
Our Games
Videos
Blog
Mobile Apps
Partnerships
Remove Ads and Go Orange
Feedback
Gaming
Video Games
Board Games
Card Games
Pokémon
Mario
Nintendo
Minecraft
Console
Toys
Legend of Zelda
Gaming
Video Games
Board Games
Card Games
Pokémon
Mario
Nintendo
Minecraft
Console
Toys
Legend of Zelda
Random Quiz
Search Sporcle
×
Quiz Lab
Quiz Lab
Gaming
Video Games
Type in answers that appear in a list
Type in answers that appear in a list
Classic
Best Score? Go Orange.
New Pokemon- Generation VI Stats
Can you name the Pokemon introduced in Generation VI?
By
ari18
15m
69 Questions
132 Plays
132 Plays
132 Plays
Comments
Comments
Give Quiz Kudos
Give Quiz Kudos
-
- Ratings
hide this ad
More Info
Replay
Link that replays current quiz
Next Quiz
Link to next quiz in quiz playlist
You Got
0%
They Got
Avg Score
68%
Avg Friend Score
Upgrade to see
Score Distribution
Jump to the score distribution portion of the page
Score
0/69
Timer
15:00
0
Plays Today
Pokemon
% Correct
Chespin
95.5%
Froakie
91.7%
Fennekin
89.4%
Greninja
88.6%
Chesnaught
87.9%
Delphox
87.9%
Frogadier
87.1%
Quilladin
85.6%
Braixen
83.3%
Fletchling
82.6%
Xerneas
81.8%
Talonflame
81.1%
Vivillon
79.5%
Yveltal
79.5%
Fletchinder
78.8%
Diggersby
75.8%
Scatterbug
75.8%
Zygarde
75.8%
Bunnelby
75%
Spewpa
73.5%
Flabébé
73.5%
Litleo
72.7%
Pyroar
72.7%
Sylveon
72%
Helioptile
69.7%
Pumpkaboo
69.7%
Tyrunt
68.9%
Hawlucha
68.9%
Goomy
68.9%
Phantump
68.9%
Noibat
68.2%
Clauncher
67.4%
Tyrantrum
67.4%
Clawitzer
66.7%
Noivern
66.7%
Pokemon
% Correct
Gogoat
65.9%
Honedge
65.9%
Dedenne
65.9%
Floette
65.2%
Klefki
65.2%
Gourgeist
65.2%
Doublade
64.4%
Heliolisk
64.4%
Aurorus
64.4%
Trevenant
64.4%
Avalugg
63.6%
Amaura
62.9%
Skiddo
62.1%
Goodra
62.1%
Florges
61.4%
Espurr
61.4%
Skrelp
61.4%
Bergmite
61.4%
Swirlix
60.6%
Furfrou
59.8%
Meowstic
59.8%
Aegislash
59.8%
Pancham
59.1%
Pangoro
59.1%
Slurpuff
59.1%
Sliggoo
59.1%
Dragalge
58.3%
Spritzee
57.6%
Inkay
56.8%
Aromatisse
55.3%
Binacle
54.5%
Malamar
53%
Barbaracle
51.5%
Carbink
50%
Quiz Playlist
Details
Report
Send in Message
Add To Playlist
More Info:
This does not include Pokémon that merely had their type changed.
Classic:
Type in answers that appear in a list
Last Updated: Feb 16, 2017
Quiz Scoreboard
CHALLENGE
Sign Up to Join the Scoreboard
Show All
Scores
Hide
Comments
May contain spoilers
Recently Published
College Basketball Coaching Resumes
by pancakes188
Sports
9m
Billboard Blitz: Fleetwood Mac
by CooCooCachoo
Music
15s
Presidents Visiting Landmarks
by Hejman
History
7m
More to Explore
Quiz From the Vault
Featured Blog Post
Where Did the Easter Bunny Come From?
hide this ad
You Might Also Like...
Tags
Nintendo Quiz
Pokémon Quiz
Video Games Quiz
Nintendo Games
Video Game Characters
Today's Top Quizzes in Gaming
Browse Gaming
hide this ad
Today's Top Quizzes in Video Games
Browse Video Games
Top Contributed Quizzes in Gaming
1
5-to-1: Consoles
2
7-to-1: Board Game Piece Blitz
3
5-to-1: Legend of Zelda
4
Destiny 2 exotic weapons by perk icons
5
League of Legends Pro Players by Career/Team History
6
Ultimate Genshin Impact Logic Puzzle (up to 4.3)
7
Franchise by Action Figure
8
Who's on the WWE 2K24 Cover?
9
Genshin Impact Logic Puzzle Quiz
10
Overwatch Logic Puzzle
Explore More
Trending Topics
Marvel
Disney
NBA
Kpop
Harry Potter
Anime
Crossword
NFL
Pokémon
The Office
Soccer
Country
Puzzle
WWE
Song
hide this ad
More By:
ari18
Quiz
Plays
Rating
Category
Featured
Created
Judges and Villains
4,357
4.29
Religion
Jun 13, 2015
Final Fantasy XIV Class/Job Matchup
1,080
1.00
Gaming
Nov 3, 2014
Final Fantasy Summons by Name Meaning
678
4.78
Gaming
Oct 15, 2012
Greek/Roman Minor Deity Match
393
4.67
Religion
Jun 2, 2013
JRPG Parents
289
3.50
Gaming
Apr 26, 2013
Go to Creator's Profile
Score Distribution
Quiz Creator Spotlight
ari18
Follow
Send a Message
Quizzes Created
-
Created Quiz Play Count
-
More By This Creator
Popular Quizzes Today
1
Find the US States - No Outlines Minefield
2
Find the Countries of Europe - No Outlines Minefield
3
The Countries of the World
4
Find the US States
5
Risky Map Clicking: Biggest States A-Z
6
US States
7
Popular People in 1961
8
Movies - When Are They Set?
More Gaming Quizzes
Street Fighter Character Stances
Published
Trending Quizzes
Risky Map Clicking: Least Populous States A-Z
1-10 Letter G Words
1-10 Letter F Words
Risky Map Clicking: Next State Alphabetically
Risky Map Clicking: Biggest States A-Z
Recently Updated
Leaping Animals
pecheneg
Reality TV Shows (A-Z)
bhenderson79
Rickey Henderson's Hall of Fame Teammates
pecheneg
Champions League XIs: Arsenal
pecheneg
Quick Pick: Celebrities in WWE's Hall of Fame
aduchscher
A-Z Keypad Blitz II
pecheneg
Multiple Oscar Actors
pecheneg
Mystery Phrase Blitz: Oscar 'Best Actors'
pecheneg
F. Scott Fitzgerald Novels
LTH
Pick 3 Villains
ddd62291
Trending Topics
Harry Potter
Anime
NBA
Crossword
Kpop
Disney
Marvel
Pokémon
The Office
Soccer
Song
NFL
WWE
Puzzle
Country
Your Account Isn't Verified!
In order to create a playlist on Sporcle, you need to verify the email address you used during registration. Go to your
Sporcle Settings
to finish the process.
Report this User
Report this user for behavior that violates our
Community Guidelines
.
Details:
Send Report
Go to the Sporcle.com Mobile Site →
Comments